000 00635nam a2200205 a 4500
005 20140310183514.0
008 110110s19uu xx 00 eng d
020 _a978136121985
050 _aHG 4028.B2
_b.Sch63 2010
100 _aSchoenebeck,Karen
245 _aInterpreting and analyzing financial statements:
_ba project-based approach.
250 _a5th
260 _aBoston :
_bPrentice Hall,
_c2010.
300 _a335 p. :
_bill. ;
_c28 cm.
521 _aBSA
650 _aFinancial statemnets-Case studies.
650 _aAssest -liability management-Case studies.
700 _aMark Holtzman
942 _cBK
_2lcc
_kFOR
999 _c24243
_d24243